00511nam a2200157Ia 4500008004100000040001900041041001200060082002700072100001800099245010600117260005000223300002000273650001900293700003100312850001000343131103s9999 xx 000 0 und d aLoreto College aEnglish a891.7/YEVbLCLIB/16278 aYevtushenenko aSelected poemscYevtushenko;;translated with an introduction by Robin Milner - Gulland and Peter Levi aHarmondsworthbPenguin c1962 (1967 printing) a92 p. c 18 cm. aRussian Poetry aMilner - Gulland,Robin,tr. aLCLIB